Statistics for All Serie A team ever

Click here to take the quiz!

General Stats

  • This quiz has been taken 12 times
  • The average score is 30 of 68

Answer Stats

#Team% Correct
89AC Milan
100%
91Inter
100%
90Juventus
100%
80Lazio
100%
77Napoli
100%
27Parma
100%
32Hellas Verona
90%
90Roma
90%
62Atalanta
80%
30Bari
80%
85Fiorentina
80%
55Genoa
80%
29Palermo
80%
79Torino
80%
13Venezia
80%
76Bologna
70%
42Cagliari
70%
15Empoli
70%
17Lecce
70%
66Sampdoria
70%
50Udinese
70%
17Catania
60%
18Livorno
60%
9Siena
60%
3Spezia
60%
2Ancona
50%
17Chievo
50%
1Monza
50%
13Perugia
50%
7Pisa
50%
9Reggina
50%
4Salernitana
50%
10Sassuolo
50%
19SPAL
50%
13Modena
40%
7Pescara
40%
16Ascoli
30%
2Benevento
30%
23Brescia
30%
1Carpi
30%
8Cremonese
30%
3Crotone
30%
11Foggia
30%
5Messina
30%
3Reggiana
30%
1Treviso
30%
13Alessandria
20%
13Como
20%
2Frosinone
20%
30Vicenza
20%
7Catanzaro
10%
13Cesena
10%
3Lecco
10%
8Lucchese
10%
7Mantova
10%
13Novara
10%
16Padova
10%
8Piacenza
10%
12Pro Patria
10%
6Pro Vercelli
10%
2Ternana
10%
26Triestina
10%
10Avellino
0%
4Casale
0%
3Legnano
0%
1Pistoiese
0%
8Sampierdarenese
0%
7Varese
0%

Score Distribution

Percentile by Number Answered

Percent of People with Each Score

Your Score History

You have not taken this quiz